00469nam a22001697a 450000500170000000800410001702000150005802200150007304100120008808200120010010000120011224500570012425000190018126000450020030000290024565000250027420240924134949.0240924b |||||||| |||| 00| 0 eng d a0409006483 a0409004480 aEnglish a349 JOU lEnglish aThe Law of South Africa / cWA Joubert and JA Faris  aFirst Reissue  aDurban: bButterworth Publishers, c2002 bviii, 396 pages; c26 cm aLegal practice bLaw